Русская античность: Содержание, роль и судьба античного наследия в культуре России; Программа-конспект лекционного курса

Bibliografiske detaljer
Hovedforfatter: Кнабе Г. С. Георгий Степанович
Sprog:russisk
Udgivet: Москва, Изд-во Российского ГГУ, 2000
Fag:
Format: MixedMaterials Bog
KOHA link:https://koha.lib.tpu.ru/cgi-bin/koha/opac-detail.pl?biblionumber=25737

MARC

LEADER 00000nam0a2200000 4500
001 25737
005 20231101205706.0
010 |a 572810150X 
035 |a (RuTPU)RU\TPU\book\25974 
035 |a BOOK00026049 
090 |a 25737 
100 |a 20011209d2000 m y0rusy50 ca 
101 0 |a rus 
102 |a RU 
105 |a y j 000zy 
200 1 |a Русская античность  |e Содержание, роль и судьба античного наследия в культуре России  |e Программа-конспект лекционного курса  |f Г. С. Кнабе 
210 |a Москва  |c Изд-во Российского ГГУ  |d 2000 
215 |a 240 с. 
610 1 |a культура 
610 1 |a античность 
610 1 |a философия 
610 1 |a история 
610 1 |a Россия 
610 1 |a русская античность 
610 1 |a античное наследие 
610 1 |a учебные пособия 
686 |a Ч113(2)я7  |v LBC/SL-A  |2 rubbk 
700 1 |a Кнабе  |b Г. С.  |c российский ученый  |c историк  |f 1920-  |g Георгий Степанович  |2 stltpush  |3 (RuTPU)RU\TPU\pers\19972  |9 7895 
801 0 |a RU  |b 63413507  |c 20011209  |g PSBO 
801 2 |a RU  |b 63413507  |c 20130114  |g PSBO 
942 |c BK